Teoría musical

Gespeichert in:
Bibliographische Detailangaben
1. Verfasser: Seguí, Salvador
Format: Buch
Sprache:Spanisch
Erschienen: Madrid : Unión Musical Española, 1978-1985
Katalog:MANES:  Suchergebnis im Bibliothekskatalog
Schulbuchspezifische Eigenschaften:
Tags: Tag hinzufügen
Keine Tags, Fügen Sie den ersten Tag hinzu!
Hinzugefügt zu:26.01.1997
Geändert in:07.05.2025

MARC

LEADER 00000cam a2200000 i 4500
005 20250507134600.0
008 970127s19781985esp 000 0 spa d
040 |a uned  |b spa  |c entro-manes 
100 1 |a Seguí, Salvador  |9 40906 
245 1 0 |a Teoría musical /   |c por Salvador Segui 
260 |a Madrid :   |b Unión Musical Española,   |c 1978-1985 
300 |a 2 v. 
505 0 |g V. 1.   |t Adaptada al cuestionario de los cursos 1º, 2º y 3º de la asignatura "Solfeo y teoría de la música" -   |g V. 2.   |t Adaptada al cuestionario de los cursos 4º y 5º de la asignatura "Solfeo y teoría de la música" 
546 |a España 
561 |5 es-BUNED  |3 L.T.M. 0759  |a España. Fondo Manes UNED  |k MANES 
690 0 |a EA 
942 |2 ddc  |c BK 
999 |c 97840  |d 97840 
999 |c manes:97840  |d 97840